Pete French, cattle king ; a biographical novel.

Bibliographic Details
Main Author: Wood, Elizabeth Lambert
Format: Book
Language:English
Published: Portland, Or. : Binfords & Mort, [1951]
Subjects:

MARC

Tag First Indicator Second Indicator Subfields
LEADER 00000cam a2200000 4500
001 in00000338321
005 20151011055236.0
008 770801s1951 oru 00011bengm
010 |a  52000977  
035 |a (OCoLC)03152803 
035 |9 ABM2574AM 
040 |a DLC  |c TXA  |d TXA  |d UtOrBLW 
049 |a TXAS  |c [1090218] 
050 0 0 |a PZ3.W8479  |b Pe 
100 1 |a Wood, Elizabeth Lambert. 
245 1 0 |a Pete French, cattle king ;  |b a biographical novel. 
264 1 |a Portland, Or. :  |b Binfords & Mort,  |c [1951] 
264 4 |c [©1951] 
300 |a 229 pages ;  |c 23 cm. 
336 |a text  |b txt  |2 rdacontent 
337 |a unmediated  |b n  |2 rdamedia 
338 |a volume  |b nc  |2 rdacarrier 
600 1 0 |a French, Peter,  |d 1849-1897  |x Fiction. 
999 |a MARS 
999 f f |s 408d8ab2-de68-3df2-b5be-58e11636e5eb  |i b26e3bfd-7ee7-30cd-ad30-030d5f124ce4  |t 0 
952 f f |p noncirc  |a Texas A&M University  |b College Station  |c Cushing Memorial Library & Archives  |d Cushing: Dykes (Does not check out)  |t 0  |e PZ3.W8479 Pe  |h Library of Congress classification  |i unmediated -- volume  |m A14851905787 
998 f f |a PZ3.W8479 Pe  |t 0  |l Cushing: Dykes (Does not check out)